Transitando los inicios del siglo XXI: las relaciones internacionales de Argentina, Chile y México

Na minha lista:
Detalhes bibliográficos
Main Authors: Consani, Norberto (Author), Sepúlveda, Alberto (Author), Zeraouí, Zidane (Author)
Formato: Livro
Idioma:espanhol
Publicado em: Santiago Ril 2008
Edição:1a. ed
Assuntos:
Tags: Adicionar Tag
Sem tags, seja o primeiro a adicionar uma tag!

MARC

LEADER 00000nam a2200000 a 4500
001 UCG1109
003 CL-VaPUC
008 100422e20080000CL |||||||||||||||||spa|d
020 |a 9789562846349 
082 0 4 |a 328.198  |b CON  |2 21 
100 0 |a Consani, Norberto  |e author  |9 548882 
700 0 |a Sepúlveda, Alberto  |e author  |9 548883 
700 0 |a Zeraouí, Zidane  |e author  |9 548884 
245 1 0 |a Transitando los inicios del siglo XXI: las relaciones internacionales de Argentina, Chile y México 
250 |a 1a. ed 
300 |a 304 p 
942 |c BK 
945 |d 20100422 00:00:00  |a rbrito 
260 |a Santiago  |b Ril  |c 2008 
650 0 |a Política internacional  |9 255813 
650 0 |a Relaciones Internacionales  |9 255740 
650 0 |a Derecho internacional  |9 255637 
650 0 |a Relaciones Exteriores  |9 255379 
650 0 |a Integración económica  |9 255024 
650 0 |a Política comercial  |9 259070 
650 0 |a Derecho internacional  |9 255637 
650 0 |a Relaciones Exteriores  |9 255379 
583 |a last modification  |c 20100422 00:00:00  |k Rodrigo Vera 
999 |c 340561  |d 340559 
952 |0 0  |1 0  |4 0  |6 328_198000000000000_CON_2008  |7 0  |8 A  |9 435385  |a BIBHIS  |b BIBHIS  |d 2019-11-22  |i 4664426  |o 328.198 CON 2008  |p 4664426  |r 2025-01-20  |w 2019-11-22  |y BK  |k HIS